All NBA 2nd Teams - Statistics

General Stats
  • This quiz has been taken 4,098 times
  • The average score is 68 of 120
Answer Stats
Year Position Player % Correct
Forward LeBron James
87%
| 2000 Guard Kobe Bryant
84%
Forward Pau Gasol
82%
Center Shaquille O'Neal
82%
Forward Paul Pierce
80%
| 2002 Guard Allen Iverson
79%
2003 Guard Allen Iverson
78%
| 1992 | 1996 Guard John Stockton
78%
Forward Tim Duncan
78%
| 2006 Guard Dwyane Wade
77%
Forward Scottie Pippen
76%
Forward Kevin Garnett
74%
2011 | 2012 Guard Russell Westbrook
73%
Guard Steve Nash
72%
Forward Karl Malone
70%
2009 Guard Chris Paul
68%
Guard Jason Kidd
67%
Center David Robinson
66%
Center | Forward Dirk Nowitzki
66%
Center Hakeem Olajuwon
66%
| 1989 | 1990 | 1994 Guard Kevin Johnson
66%
Forward Larry Johnson
66%
Guard Tony Parker
64%
Forward Carmelo Anthony
63%
Forward Jermaine O'Neal
63%
2005 Guard Ray Allen
63%
Forward Charles Barkley
61%
Forward Chris Bosh
61%
Forward Larry Bird
60%
Center Patrick Ewing
60%
2001 | 2004 | 2007 Guard Tracy McGrady
60%
Forward Tom Chambers
58%
1998 Guard Rod Strickland
55%
Forward Vince Carter
54%
Guard Gary Payton
53%
1991 Guard Clyde Drexler
51%
| 1999 Guard Tim Hardaway
49%
Center Ben Wallace
48%
2008 | 2010 Guard Deron Williams
46%
Forward Blake Griffin
45%
Guard Chauncey Billups
45%
Center Alonzo Mourning
44%
Center Amare Stoudemire
44%
Center Amare Stoudemire
44%
Forward Grant Hill
44%
Center Amare Stoudemire
43%
Center Yao Ming
43%
Forward Chris Webber
42%
Forward Chris Mullin
38%
Forward Shawn Kemp
38%
Center Dikembe Mutombo
36%
1993 Guard Joe Dumars
36%
Forward Kevin Love
35%
Forward Dominique Wilkins
29%
Center Andrew Bynum
25%
Guard Gilbert Arenas
25%
| 1995 | 1997 Guard Mitch Richmond
21%
Forward Glen Rice
19%
Forward Peja Stojakovic
19%
Guard Brandon Roy
18%
Guard Sam Cassell
15%
Forward Elton Brand
14%
Forward Vin Baker
7%
No matching quizzes found
Score Distribution
Percent of People with Each Score
Percentile by Number Answered
Your Score History
You have not taken this quiz